000 00835nas a2200265 4500
001 BR9512355
003 BR-BrBNA
005 20231205095632.0
007 ta
008 230509b bl.|||p| |||| 00| 00por d
040 _aBR-BrBNA
_bpor
_cBiblioteca Nacional de Agricultura
041 _a(En)
072 _aH20
100 1 _aPozzer, L.
100 1 _aSilva, J.B.C.
100 1 _aDusi, A.N.
100 1 _aKitajima, E.W.
245 1 _aPerformance of micropropagated sweet potato plants after two field propagations and rate of reinfection by sweet potato feathery mottle virus
650 _aBatata Doce
650 _aInfeccao
650 _aVirus
773 0 _tFitopatologia Brasileira (Brazil)
_xISSN 0100-4158
_g(Sep 1995), v. 20(3) p. 464-468
_wBR9512355
909 _a202311
_bLúcia
_c55
_dLúcia Elande
942 _2AGRIS
_n0
_cANA
999 _c151843
_d151843